000 00437cam a2200181ua 4500
001 1185
008 110613n ii |||gr||||Z||||||asm
040 _cMAIN
082 _a336
245 1 0 _aSarkari bitta
_cby Nanigopal Goswami
250 _a1st ed.
260 _aGuwahati:
_bJyoti Prahashan,995.
300 _a840p.:
_c35cm.
653 _aEconomics
653 _aPublic finance
700 1 _aGoswami, Nanigopal,
_eAuthor.
942 _cBK
999 _c1095
_d1095